000 00561nam a2200181 i 4500
001 70297
003 ES-MaACL
007 t|
008 040721s1954 sp ||||1| spa d
100 1 _aGarcía Rodríguez, José.
_955200
245 1 0 _aLenguaje
_b: libro teórico-práctico /
_cJosé García Rodríguez.
260 _aMadrid :
_bBores Bureba,
_c[1954] (
_fSamarán)
300 _a228 p. ;
_c20 cm.
490 1 _aColegio Mayor para Menores
830 0 _aColegio Mayor para Menores
_9231033
852 _aES-MaACL
_jC-7329
_bR.35972
999 _c70297
_d70297